00495nam a2200193 a 4500001001300000003000900013005001700022008004100039020001000080082001500090100001600105245004700121260003700168300000800205500003500213505001000248650002700258700001600285nice12345678IN_TiNIC20260116015254.0050524s0000 hyda grp 000 0 eng  ac10000a232.8bPAR aParmar, S K aUniqueness of Jesus Christ, Book 3, Part 1 aHyderabadbTimothy Projectc0000 a55p aincludes index and biblioraphy2 aIndex aJesus Christ-Character1 aParmar, S K